000
00338 a2200157 4500
001
62103
020
_a
9788577342976
040
_c
Anchieta - Pituba
100
_a
Aaronovitch, Ben
240
1
0
_a
Enigmas de Londres
_l
por
245
1
0
_a
Enigmas de Londres
300
_a
365
362
0
_a
2012
650
4
_a
Ficção inglesa
942
_c
BK
999
_c
62103
_d
62103